000
00283nam a2200109Ia 4500
008
230907s9999||||xx |||||||||||||| ||und||
082
_a
320.01
_b
ARM
245
0
_a
Rethinking equality :
260
_a
Manchester University Press,
_b
Manchester :
_c
2006
300
_a
222 p.
942
_c
BK
999
_c
600075
_d
600075